000 01265nam0a22002291 4500
001 rc\498448
005 20250621110307.0
035 _a(NLR Aleph) 005739674
090 _a4724801
_c4724801
100 _a20030616d1987 |||y0rusy50 ca
101 0 _arus
102 _aRU
105 _ay |||||||||
200 1 _aРЕШЕНИЕ конкретной ситуации "Определение целесообразности подачи заявки на изобретение"
_eМетод. рекомендации
_eТема 9.1.2. "Выявление изобрет."
_fГос. ком. СССР по делам изобрет. и открытий, Центр. ин-т повышения квалификации руководящих работников и специалистов нар. хоз-ва в обл. пат. работы. Каф. науч.-техн. экспертизы охраноспособных объектов
_g[Подгот. к. т. н., доц. Червова Л.В., к. т. н., доц. Пославская М.В.]
210 _aМ.
_cВНИИПИ
_d1987
215 _a27 с.
_d21
320 _aБиблиогр.: с. 26
801 0 _aRU
_bNLR
_gpsbo
801 1 _aRU
_bELAR
_2rusmarc
852 _aNLR
_j88-6/4118
942 _cBOOK
980 _aNB